| 000 | 00481cam a2200193ua 4500 | ||
|---|---|---|---|
| 003 | OSt | ||
| 008 | 241101b |||||||| |||| 00| 0 eng d | ||
| 020 | _a0-7131-3486-0 | ||
| 041 | _aeng | ||
| 082 |
_a621.7 _bMCM/EN |
||
| 100 |
_aMcMullan, J T . _96373 |
||
| 245 | _aEnergy resources / | ||
| 250 | _a2 / | ||
| 260 |
_aLondon : _bEdward Arnold Publications Ltd , _c1983. |
||
| 300 | _a191 ; . | ||
| 700 | 1 |
_aMorgan, R . _96374 |
|
| 700 | 1 |
_aMurray, R B . _96375 |
|
| 942 | _cBK | ||
| 999 |
_c7415 _d7415 |
||